| 000 | 00400pam a2200157a 44500 | ||
|---|---|---|---|
| 008 | 230405s1988 xxu||||| |||| 00| 0 eng d | ||
| 041 | _aENG | ||
| 100 | _aFaber,(Ed) Cunnigham | ||
| 245 | _aFaberspocket Medical Dictionary | ||
| 260 |
_aMUMBAI _bC.B.S. PUBLI. _c1988 |
||
| 300 | _a416p. | ||
| 440 | _aSource =RATANAKAR MIRAJ | ||
| 650 | _aMICROBIOLOGY | ||
| 690 | _aMICROBIOLOGY | ||
| 906 | _a1594 | ||
| 999 |
_c781818 _d781818 |
||